Czy podani raperzy nagrali ze sobą ? - Statystyki

Ogólne statystyki
  • Ten quiz został rozwiązany 107 razy
  • Średni wynik to 7 z 15
Statystyki odpowiedzi
Zagadnienie Odpowiedź % Poprawnych
Żabson z Bedoes Tak
79%
White2115 z Qry Nie
71%
Quebonafide z Oki Nie
58%
Dziarma z Malik Montana Tak
58%
Blacha z Chivas Tak
58%
Guzior z Kaz Bałagane Nie
50%
PRO8L3M z Kuban Nie
50%
Tede z Kali Nie
50%
Paluch z Young Igi Tak
50%
Kabe z Bonus RPK Nie
42%
Sarius z Fabijański Tak
42%
Gedz z Otsochodzi Tak
42%
Szpaku z Tymkiem Tak
38%
Taco Hemingway z Avi Tak
29%
Jan-Rapownie z Nypel Nie
25%
Nie znaleziono quizów pasujących do podanych kryteriów
Rozkład punktacji
Procent ludzi z każdym wynikiem
Percentyl według liczby udzielonych odpowiedzi
Twoja historia wyników
Nie rozwiązałeś tego quizu